Topographic map of the Island of Molokai, Hawaii.

Bibliographic Details
Corporate Author: Geological Survey (U.S.)
Format: Map
Language:English
Published: Washington, D.C. : Geological Survey, 1959.
Edition:Shaded relief edition.
Subjects:

MARC

Tag First Indicator Second Indicator Subfields
LEADER 00000cem a2200000 4500
001 in00003532012
005 20151105195122.0
007 aj canzn
008 760928s1959 dcubag cp a 0 eng
010 |a  76695845  
035 |a (OCoLC)ocm05485432 
035 |a (OCoLC)5485432 
040 |a DLC  |b eng  |c DLC  |d OCL  |d OCLCQ  |d OCLCF  |d OCLCQ  |d OCLCO  |d TXA  |d UtOrBLW 
043 |a n-us-hi 
049 |a TXAM 
050 0 0 |a G4382.M6C2 1959  |b .U51 
052 |a 4382  |b M6 
090 |a G4382.M6C2 1952  |b .G4 
110 2 |a Geological Survey (U.S.) 
245 1 0 |a Topographic map of the Island of Molokai, Hawaii. 
250 |a Shaded relief edition. 
255 |a Scale 1:62,500 ;  |b Polyconic projection 
264 1 |a Washington, D.C. :  |b Geological Survey,  |c 1959. 
300 |a 1 map :  |b color ;  |c 47 x 114 cm 
336 |a cartographic image  |b cri  |2 rdacontent 
337 |a unmediated  |b n  |2 rdamedia 
338 |a sheet  |b nb  |2 rdacarrier 
500 |a Relief shown by shading, contours, spot heights, and color. Depths shown by contours. 
500 |a "Old Hawaiian datum." 
500 |a "Compiled in 1959 from 1:24 000-scale maps of Halawa, Kamalo, Kaunakakai, Molokai Airport, and Ilio Point 7.5 minute quardrangles, surveyed 1952. Topography from aerial photographs by photogrammetric methods. Aerial photographs taken 1950. Field check 1952 ..." 
500 |a Includes inset "Principal islands of Hawaii." 
500 |a Cartographic material. 
651 0 |a Molokai (Hawaii)  |v Maps. 
651 7 |a Hawaii  |z Molokai.  |2 fast  |0 (OCoLC)fst01240314 
655 7 |a Maps.  |2 fast  |0 (OCoLC)fst01423704 
655 7 |a Physical maps.  |2 lcgft 
994 |a C0  |b TXA 
948 |a cataloged  |b h  |c 2015/5/12  |d c  |e nbehmer  |f 11:35:32 am 
999 |a MARS 
999 f f |s 7aeef897-8f4a-37da-933f-323c236082f7  |i c25aa7d1-2cfc-3d43-8c34-ec22079eb4e5  |t 0 
952 f f |p normal  |a Texas A&M University  |b College Station  |c Sterling C. Evans Library  |d Evans: Maps (2nd floor)  |t 0  |e G4382.M6C2 1952 .G4  |h Library of Congress classification  |i unmediated -- sheet  |m A14843001661 
998 f f |a G4382.M6C2 1952 .G4  |t 0  |l Evans: Maps (2nd floor)